| 000 | 01088cpcaa2200265 4500 | ||
|---|---|---|---|
| 001 | mm 79004447 | ||
| 003 | DLC | ||
| 005 | 20260227111646.0 | ||
| 008 | 790601|||||||||||| fre | ||
| 010 | _amm 79004447 | ||
| 040 |
_aDLC _cDLC _edacs _dDLC |
||
| 072 | 7 |
_aC _2lcmd |
|
| 100 | 1 |
_aBiron, Armand-Louis de Gontaut, _cduc de, _d1747-1793. |
|
| 245 | 0 | 0 |
_aArmand-Louis de Gontaut, duc de Biron, correspondence, _f1782. |
| 300 |
_a2 _fitems. |
||
| 506 | 0 | _aOpen to research. | |
| 533 |
_aNegative photocopies. _b[S.l.]. |
||
| 533 |
_aNegative photocopies produced from originals with permission of Walter B. Beals. _bWashington, D.C. : _cLibrary of Congress Photoduplication Service, _d1935. |
||
| 545 | 0 | _aFrench army officer. | |
| 546 | _aCollection material in French. | ||
| 580 | _aForms part of: Miscellaneous Manuscripts collection. | ||
| 656 | 7 |
_aArmy officers, French. _2itoamc |
|
| 999 |
_c41536 _d41536 |
||